Các bệnh về khớp
Guardado en:
| Autor principal: | |
|---|---|
| Formato: | Libro |
| Lenguaje: | Undetermined |
| Publicado: |
Hà Nội
Y học
2000
|
| Materias: | |
| Etiquetas: |
Agregar Etiqueta
Sin Etiquetas, Sea el primero en etiquetar este registro!
|
| Thư viện lưu trữ: | Trung tâm Học liệu Trường Đại học Cần Thơ |
|---|
| LEADER | 00575nam a2200193Ia 4500 | ||
|---|---|---|---|
| 001 | CTU_39472 | ||
| 008 | 210402s9999 xx 000 0 und d | ||
| 020 | |b 27.000đ | ||
| 082 | |a 616.723 | ||
| 082 | |b M726 | ||
| 100 | |a JM H Moll | ||
| 245 | 0 | |a Các bệnh về khớp | |
| 245 | 0 | |c JM H Moll, Vũ Minh Đức | |
| 260 | |a Hà Nội | ||
| 260 | |b Y học | ||
| 260 | |c 2000 | ||
| 650 | |a connective tissues - diseases,joints - diseases,rheumatology | ||
| 904 | |i Nguyễn Quang Điền, 001121 | ||
| 980 | |a Trung tâm Học liệu Trường Đại học Cần Thơ | ||